Karaiby - Mapa, Stolice, Waluty - Statystyki

Ogólne statystyki
  • Ten quiz został rozwiązany 221 razy
  • Średni wynik to 27 z 74
Odpowiedzi na mapie
Odpowiedzi zakodowano w zielono-czerwonej skali na mapie do tego quizu, zgodnie z poniższymi procentami.
 
Statystyki odpowiedzi
Kraj % Poprawnych
Dominika
94%
Haiti
94%
Kuba
94%
Dominikana
91%
Jamajka
89%
Bahamy
85%
Trynidad i Tobago
83%
Barbados
79%
Antigua i Barbuda
78%
Saint Lucia
77%
Saint Kitts i Nevis
74%
Saint Vincent i Grenadyny
74%
Grenada
72%
USA
69%
Hawana
66%
Portoryko
66%
Dolar amerykański
57%
Kingston
55%
Kingstown
55%
Curacao
54%
Martynika
50%
Port-au-Prince
50%
Euro
48%
Aruba
46%
Nassau
46%
Brytyjskie Wyspy Dziewicze
45%
Santo Domingo
44%
Port-of-Spain
42%
Gwadelupa
41%
Wyspy Dziewicze Stanów Zjednoczonych
39%
Holandia
38%
Waszyngton
38%
Wenezuela
35%
Kajmany
34%
Saint-Martin
33%
Bridgetown
31%
Roseau
29%
Saint John’s
29%
Sint Maarten
29%
Anguilla
28%
Montserrat
27%
Castries
26%
Amsterdam
25%
Basse-Terre
24%
Basseterre
24%
Peso Kubańskie
24%
Saint George’s
24%
Turks i Caicos
23%
San Juan
21%
Dolar jamajski
20%
Caracas
19%
George Town
19%
Dolar barbadoski
16%
Peso dominikańskie
16%
Dolar bahamski
15%
Dolar wschodniokaraibski
14%
Saint-Barthélemy
14%
Willemstad
14%
Oranjestad
11%
Plymouth / Brades
9%
Road Town
9%
Bolivar
8%
Cockburn Town
8%
The Valley
8%
Dolar Trynidadu i Tobago
7%
Fort-de-France
7%
Charlotte Amalie
6%
Gourde
6%
Philipsburg
6%
Dolar kajmański
5%
Gustavia
4%
Marigot
4%
Florin arubański
3%
Gulden Antyli Holenderskich
2%
Nie znaleziono quizów pasujących do podanych kryteriów
Rozkład punktacji
Procent ludzi z każdym wynikiem
Percentyl według liczby udzielonych odpowiedzi
Twoja historia wyników
Nie rozwiązałeś tego quizu